| 000 | 00708nam a22002297a 4500 | ||
|---|---|---|---|
| 005 | 20190312160050.0 | ||
| 008 | 190312b xxu||||| |||| 00| 0 eng d | ||
| 020 |
_a9780415900416 _cRs 795 |
||
| 040 | _beng | ||
| 041 | _aEnglish | ||
| 082 |
_a142 _bBRO |
||
| 245 |
_aCritical theory and society _bA reader _cEdited and with an introduction by Stephen Eric Bronner and Douglas MacKay Kellner |
||
| 260 |
_aNew York and London _bRoutledge _c1989 |
||
| 300 |
_avii,316p _b25 cm |
||
| 504 | _aIncludes bibliography | ||
| 650 |
_aSociology _vPhilosophy |
||
| 650 | _aCritical theory | ||
| 700 |
_4ed. _aBronner, Stephen Eric |
||
| 700 |
_4ed. _aKellner, Douglas MacKay |
||
| 850 |
_aLCLIB _bPG |
||
| 942 | _cBK | ||
| 999 |
_c41999 _d92478 |
||